Detalles MARC
| 000 -LEADER |
| campo de control de longitud fija |
02707nam a2200397 i 4500 |
| 001 - NÚMERO DE CONTROL |
| campo de control |
193249 |
| 003 - IDENTIFICADOR DE NÚMERO DE CONTROL |
| campo de control |
SpMaBN |
| 005 - FECHA Y HORA DE LA ÚLTIMA TRANSACCIÓN |
| campo de control |
20240828063033.0 |
| 007 - CAMPO FIJO DE DESCRIPCIÓN FÍSICA--INFORMACIÓN GENERAL |
| campo de control de longitud fija |
ta |
| 008 - DATOS DE LONGITUD FIJA--INFORMACIÓN GENERAL |
| campo de control de longitud fija |
201203s2020 sp a | |||| 000 p spa |
| 017 ## - NÚMERO DE COPYRIGHT O DE DEPÓSITO LEGAL |
| Número de copyright o de depósito legal |
M 8882-2020 |
| Agencia que asigna |
Oficina Depósito Legal Madrid |
| 020 ## - NÚMERO INTERNACIONAL ESTÁNDAR DEL LIBRO |
| Número Internacional Estándar del Libro |
9788417397913 |
| 035 ## - NÚMERO DE CONTROL DEL SISTEMA |
| Número de control de sistema |
a6756234 |
| 040 ## - FUENTE DE CATALOGACIÓN |
| Centro catalogador/agencia de origen |
SpMaBN |
| Lengua de catalogación |
spa |
| Centro/agencia transcriptor |
SpMaBN |
| Normas de descripción |
rda |
| 080 ## - NÚMERO DE LA CLASIFICACIÓN DECIMAL UNIVERSAL |
| Número de la Clasificación Decimal Universal |
821.134.2-14"19" |
| 100 1# - ENTRADA PRINCIPAL--NOMBRE DE PERSONA |
| Nombre de persona |
Nistal, Gloria |
| Relación |
aut |
| Término indicativo de función/relación |
Autor |
| 9 (RLIN) |
234310 |
| 245 10 - MENCIÓN DEL TÍTULO |
| Título |
Nueve razones / |
| Mención de responsabilidad, etc. |
Gloria Nistal ; prólogo de María Antonia García de León |
| 250 ## - MENCION DE EDICION |
| Mención de edición |
Primera edición: 2020 |
| 264 #1 - PRODUCCIÓN, PUBLICACIÓN, DISTRIBUCIÓN, FABRICACIÓN Y COPYRIGHT |
| Producción, publicación, distribución, fabricación y copyright |
Madrid : |
| Nombre del de productor, editor, distribuidor, fabricante |
Sial Pigmalión, |
| Fecha de producción, publicación, distribución, fabricación o copyright |
2020 |
| 300 ## - DESCRIPCIÓN FÍSICA |
| Extensión |
110 páginas : |
| Otras características físicas |
1 ilustración (color) ; |
| Dimensiones |
21 cm |
| 336 ## - TIPO DE CONTENIDO |
| Término de tipo de contenido |
Texto |
| Fuente |
rdacontent |
| 337 ## - TIPO DE MEDIO |
| Nombre/término del tipo de medio |
sin mediación |
| Fuente |
rdamedia |
| 338 ## - TIPO DE SOPORTE |
| Nombre/término del tipo de soporte |
volumen |
| Fuente |
rdacarrier |
| 490 0# - MENCIÓN DE SERIE |
| Mención de serie |
Pigmalión poesía ; |
| Designación de volumen o secuencia |
106 |
| 500 ## - NOTA GENERAL |
| Nota general |
Índice |
| 520 ## - RESUMEN, ETC. |
| Sumario, etc. |
Nuestra Gloria Nistal es minera de la vida, arranca de la veta que encuentra el mejor metal precioso que pueda extraerle.<br/><br/>Como placas geológicas, van discurriendo en Nueve razones, su último libro de poemas, los estratos del corazón de la autora. (…) El primer estrato es su lidiar entre las constricciones del laboro (como dicen por aquellos pagos) y la ebriedad de viajes y lírica, de deseo y pasión. El segundo estrato son sus épicas, las que se encuentra y registra líricamente aquí, en sus poemas, en su ancho ir y venir por el mundo. A saber: su épica ecologista, su épica pacifista, su épica feminista, siempre en pro de las mujeres. En suma, los tres ejes en que se están desenvolviendo, y se desenvolverán, las vanguardias del siglo xxi, y los movimientos sociales más interesantes. El tercer estrato entra en el género de les confessions (dicho al modo de Rousseau).<br/><br/>Contra los tiempos oscuros, los valores. Ahora que el mundo cae en el estupor mediático, la droga publicitaria, la masa de androides ideológicos, son radicalmente necesarios unos valores bien asentados, unas certezas sabias. Nuestra poeta es una heroína de esto que propongo de urgente necesidad. Lector/ra, atrévete. Conocer y leer a Gloria Nistal es un antídoto contra los tiempos desesperanzados-desesperados que corren. |
| 655 #7 - TERMINO DE INDIZACIÓN--GENERO/FORMA |
| Datos o término principal de género/forma |
Poesías |
| Fuente del término |
tgfbne |
| 9 (RLIN) |
176539 |
| 700 1# - ENTRADA AGREGADA--NOMBRE PERSONAL |
| Nombre de persona |
García de León, María Antonia |
| 9 (RLIN) |
54461 |
| Término indicativo de función/relación |
Autor de introducción |
| 830 ## - PUNTO DE ACCESO ADICIONAL DE SERIE-TÍTULO UNIFORME |
| 9 (RLIN) |
225371 |
| Título uniforme |
Poesía Pigmalión |
| 852 ## - LOCALIZACIÓN |
| Ubicación |
ES-MaACL |
| Sublocalización o colección |
154646 |
| Ubicación en estantería |
Depósito J |
| itemnumber |
200679 |
| Donativo/Legado |
Donación: Gloria Nistal |
| Número de control de estantería |
N-9417 |
| Encuadernación |
Encuadernación rústica con solapas |
| 903 ## - NOMBRE PERSONAL DE DONANTE |
| a |
Nistal, Gloria |
| e |
Donante |
| 9 |
234310 |
| 942 ## - ELEMENTOS DE ENTRADA SECUNDARIOS (KOHA) |
| Suprimir en OPAC |
No |
| Tipo de ítem Koha |
Libro impreso |